[Event "Hillerod op"]
[Site "Hillerod"]
[Date "2014.??.??"]
[Round "4"]
[White "Dam, Sebastian"]
[Black "Lavrsen, Frands Winther"]
[Result "1/2-1/2"]
[WhiteElo "1533"]
[BlackElo "1850"]
[PlyCount "61"]
[EventDate "2014.08.26"]
[EventType "swiss"]
[EventRounds "7"]
[EventCountry "DEN"]
[SourceTitle "EXT 2024"]
[Source "ChessBase"]
[SourceDate "2023.10.10"]
[SourceVersion "1"]
[SourceVersionDate "2023.10.10"]
[SourceQuality "1"]

1. Nf3 d5 2. d4 Nc6 3. g3 Nf6 4. Bg2 Bg4 5. 0-0 e6 6. Nbd2 Be7 7. c3 0-0 8. Re1 Rb8 9. e4 dxe4 10. Nxe4 Nxe4 11. Rxe4 Bf5 12. Re1 h6 13. Bf4 Bd6 14. Bxd6 Qxd6 15. Ne5 Ne7 16. Qa4 f6 17. Nc4 Qa6 18. Qxa6 bxa6 19. Be4 Kf7 20. Bxf5 Nxf5 21. Re2 Rfe8 22. Rae1 Nd6 23. Nxd6+ cxd6 24. f4 a5 25. b3 Rbc8 26. c4 a4 27. Kf2 axb3 28. axb3 Rb8 29. Rb1 Rb4 30. Ra2 Re7 31. Ra6 1/2-1/2

[Event "Hillerod op"]
[Site "Hillerod"]
[Date "2014.??.??"]
[Round "2"]
[White "Oland, Arne"]
[Black "Dam, Sebastian"]
[Result "1-0"]
[WhiteElo "1964"]
[BlackElo "1533"]
[PlyCount "109"]
[EventDate "2014.08.26"]
[EventType "swiss"]
[EventRounds "7"]
[EventCountry "DEN"]
[SourceTitle "EXT 2024"]
[Source "ChessBase"]
[SourceDate "2023.10.10"]
[SourceVersion "1"]
[SourceVersionDate "2023.10.10"]
[SourceQuality "1"]

1. d4 d5 2. c4 c6 3. Nc3 Nf6 4. Nf3 e6 5. e3 Be7 6. Bd2 Nbd7 7. b3 0-0 8. Bd3 Qc7 9. Rc1 Qd8 10. 0-0 Re8 11. Re1 Bd6 12. Qc2 g6 13. e4 dxe4 14. Nxe4 Nxe4 15. Bxe4 Nf6 16. Bg5 Be7 17. Bd3 Ng4 18. Bf4 Nf6 19. Rcd1 b6 20. h3 Bb7 21. Be5 Nd7 22. Bf4 Bf6 23. Ne5 Qe7 24. Ng4 Bg7 25. Bf1 Qf8 26. g3 Nf6 27. Ne5 Red8 28. Bg2 Rac8 29. Bg5 Rc7 30. Ng4 Qe7 31. c5 h6 32. Nxh6+ Bxh6 33. Bxh6 Nd5 34. h4 Rdd7 35. Qe2 Nc3 36. Qe5 f6 37. Qxe6+ Qxe6 38. Rxe6 Nxd1 39. Rxf6 Rf7 40. Rxg6+ Kh8 41. f4 Rce7 42. Bxc6 Bxc6 43. Rxc6 bxc5 44. dxc5 Re1+ 45. Kg2 Re2+ 46. Kf3 Rxa2 47. Rd6 Re7 48. Rxd1 Rb2 49. Rd3 Ree2 50. Bg5 Rf2+ 51. Kg4 Rbc2 52. b4 Kg8 53. Rd8+ Kf7 54. Rd7+ Kg6 55. h5# 1-0

[Event "BCF-chT2 1011 (4NCL) North"]
[Site "England"]
[Date "2011.03.26"]
[Round "7"]
[White "Beresford, Alan"]
[Black "Dam, Sebastian"]
[Result "1/2-1/2"]
[WhiteElo "1818"]
[BlackElo "1874"]
[PlyCount "112"]
[EventDate "2010.11.06"]
[EventType "team-swiss"]
[EventRounds "9"]
[EventCountry "ENG"]
[SourceTitle "EXT 2012"]
[Source "ChessBase"]
[SourceDate "2011.11.24"]
[SourceVersion "1"]
[SourceVersionDate "2011.11.24"]
[SourceQuality "1"]

1. e4 e5 2. Nf3 Nc6 3. Bb5 f5 4. Nc3 Nf6 5. d3 Bb4 6. Bxc6 Bxc3+ 7. bxc3 dxc6 8. exf5 Qd5 9. 0-0 0-0 10. c4 Qd6 11. Bb2 Bxf5 12. Bxe5 Qd7 13. Nd4 Bg6 14. Nb3 b6 15. Qd2 Rae8 16. Bg3 Nh5 17. Rae1 Rxe1 18. Rxe1 Nxg3 19. hxg3 c5 20. Qc3 Re8 21. Kf1 Qf5 22. Rxe8+ Bxe8 23. Qe1 Qh5 24. Kg1 Kf8 25. Nd2 Ba4 26. Nb3 Be8 27. f3 Qf5 28. Qe4 Qg6 29. Qxg6 Bxg6 30. Kf2 Ke7 31. Ke3 Ke6 32. Kf4 Kf6 33. g4 Be8 34. Nd2 Ba4 35. Nb3 g5+ 36. Ke3 Bc6 37. d4 cxd4+ 38. Nxd4 Ba4 39. c3 c5 40. Nb5 a6 41. Nc7 Bc2 42. Nxa6 Bb1 43. a3 Ba2 44. Kd3 Bb1+ 45. Ke3 Ba2 46. Nc7 Bxc4 47. Ke4 b5 48. Nd5+ Ke6 49. Ne3 Ba2 50. Kd3 Bb1+ 51. Ke2 Ke5 52. g3 Bg6 53. Ng2 h6 54. f4+ Kd5 55. Ne3+ Ke4 56. f5 Bf7 1/2-1/2

[Event "BCF-chT2 1011 (4NCL) North"]
[Site "England"]
[Date "2010.11.06"]
[Round "1"]
[White "Bates, Ian W"]
[Black "Dam, Sebastian"]
[Result "0-1"]
[WhiteElo "2010"]
[BlackElo "1874"]
[PlyCount "50"]
[EventDate "2010.11.06"]
[EventType "team-swiss"]
[EventRounds "9"]
[EventCountry "ENG"]
[SourceTitle "EXT 2012"]
[Source "ChessBase"]
[SourceDate "2011.11.24"]
[SourceVersion "1"]
[SourceVersionDate "2011.11.24"]
[SourceQuality "1"]

1. e4 e5 2. Nf3 f5 3. d4 fxe4 4. Nxe5 Nf6 5. Be2 d6 6. Ng4 Be7 7. Nc3 d5 8. Nxf6+ Bxf6 9. b3 c5 10. Be3 Nc6 11. Bb5 0-0 12. Nxd5 Nxd4 13. Nxf6+ Qxf6 14. Bc4+ Kh8 15. Bxd4 cxd4 16. 0-0 Bd7 17. Qh5 Rac8 18. a4 Be6 19. Bxe6 Qxe6 20. Rad1 Rxc2 21. Rxd4 Qf6 22. Qd1 Rxf2 23. Re1 e3 24. Rd6 Qb2 25. Qd5 Rf1+ 0-1